000
00302nam a2200121Ia 4500
005
20251222152555.0
008
251222s9999||||xx |||||||||||||| ||spa||
020
_a
8489167575
082
_a
301.2/M61
245
0
_a
Animación Sociocultural
264
_b
Ministerio de Educación y ciencia
942
_c
LIB
999
_c
26396
_d
26396